Pays par changement des émissions de CO2 - Statistiques

Statistiques générales
  • Ce quiz a été pris 3 098 fois
    1 505 depuis la dernière actualisation
  • Le résultat moyen est 15 sur 20
Statistiques - réponses
gain / perte pays % Correct
6 790 000 Chine
99%
-799 000 Etats-Unis
99%
-62 000 France
99%
-80 700 Allemagne
94%
1 470 000 Inde
93%
130 000 Brésil
92%
-52 300 Canada
91%
-53 900 Espagne
91%
-94 800 Italie
90%
-176 000 Royaume-Uni
88%
236 000 Indonésie
76%
126 000 Corée du Sud
68%
256 000 Arabie Saoudite
67%
293 000 Iran
67%
141 000 Turquie
64%
-27 400 Belgique
57%
-28 300 Grèce
52%
151 000 Viêt Nam
52%
141 000 Malaisie
50%
-125 000 Ukraine
48%
Aucun quiz correspondant
Distribution des résultats
% des personnes avec chaque résultat
Percentile par nombre de réponses
Votre historique - résultats
Vous n’avez pas pris ce quiz depuis la dernière actualisation